000 00975nam a2200277 i 4500
001 000027671
003 DO-SdBNP
005 20251126094446.0
007 ta
008 110404s2000 dr b 000 0 spa d
020 _a9993400742
040 _aDO-SdBNP
_bspa
_cBNPHU
_erda
041 _aspa
082 4 _axxx
_bxxx
_222
100 _aFernández Molina, Generoso
_eautor
_4aut.
_919087
245 1 0 _aAntes, durante y después del 30 de mayo de 1961 :
_blos reales acontecimientos /
_cGeneroso Fernández Molina ; prólogo, Sérvulo Natera Candelario.
264 1 _aSanto Domingo :
_bCocolo editorial,
_c2000.
300 _a97 páginas :
_bretratos ;
_c22 cm.
336 _atexto
_btxt
_2rdacontent
337 _asin mediación
_bn
_2rdamedia
338 _avolumen
_bnc
_2rdacarrier
500 _aIncluye datos biográficos del autor en las solapas
590 _aInventariado, 2025/BT
700 1 _aNatera Candelario, Sérvulo,
_eprologuista
_4pr.
_954756
942 _2ddc
_cLBS1
999 _c27163
_d27163